000 01227nam0a22003251 4500
001 RU\INFOCOMM_322\NLR\5000190056
005 20250613110939.0
035 _a(NLR Aleph) 009578319
090 _a9174131
_c9174131
100 _a20130221d1985 |||y0rusy50 ca
101 0 _aeng
102 _aRU
105 _ay z |||||
200 1 _aNew precision space-filling atomic-molecular models
_fR.-H. N. Mikelsaar, V. I. Bruskov, V. I. Poltev
210 _aPushchino
_cSci. centre of biol. research of the Acad. of sciences of the USSR
_d1985
215 _a44 с.
_cил., цв. ил.
_d29 см
225 1 _aNews-letter
_fUSSR Acad. of sciences, Sci. centre of biol. research etc.
300 _aВ надзаг. также: Inst. of biol. physics, Tartu state univ., Inst. of general a. molecular pathology
606 0 _aМолекулы
_xСтроение
_9940390
_3RU\NLR\AUTH\6629183
620 _aПущино
686 _aГ213
_2rubbk
686 _aЕ070
_2rubbk
700 1 _aMikelsaar
_bR.-H. N.
701 1 _aBruskov
_bV. I.
_gVadim Ivanovič
701 1 _aPoltev
_bV. I.
_gValerij Ivanovič
801 1 _aRU
_bInfocomm
_c20130221
801 0 _aRU
_bINFOCOMM
_gPSBO
852 _aNLR
_jХ01 Д-8/32
942 _cBOOK
980 _aNB